Statystyki dla Państwa które w nazwie mają polskie litery

Kliknij tutaj aby rozwiązać quiz!

Ogólne statystyki

  • Ten quiz został rozwiązany 157 razy
  • Średni wynik to 16 z 25

Statystyki odpowiedzi

Państwo% Poprawnych
Łotwa
80%
Korea Północna
77%
Korea Południowa
74%
Białoruś
73%
Węgry
69%
Republika Południowej Afryki
67%
Włochy
67%
Bośnia i Hercegowina
65%
Słowacja
65%
Republika Zielonego Przylądka
64%
Słowenia
64%
Azerbejdżan
63%
Wyspy Świętego Tomasza i Książęca
63%
Macedonia Północna
62%
Mołdawia
62%
Bułgaria
60%
Dżibuti
60%
Republika Środkowoafrykańska
60%
Wybrzeże Kości Słoniowej
60%
Sudan Południowy
59%
Tadżykistan
58%
Czarnogóra
57%
Fidżi
49%
Kambodża
46%
Gwinea Równikowa
41%

Rozkład punktacji

Percentyl według liczby udzielonych odpowiedzi

Procent ludzi z każdym wynikiem

Twoja historia wyników

Nie rozwiązałeś tego quizu